000 00324nam a2200145Ia 4500
100 _aRodstein/L
650 _aElectrical Engineering
942 _cBK
654 _aEquipment
245 _aElectrical Control Equipment
260 _bMir Publishers
_aMoscow
_c1974
082 _a621.3
300 _a576
546 _aENGLISH
999 _c24733
_d24733